Gaming Through The Ages - Statistics

General Stats
  • This quiz has been taken 128 times
  • The average score is 6 of 10
Answer Stats
Question Answer % Correct
In the game Sonic the hedgehog what color is Sonic? Blue
97%
Which company is know for making the Xbox consoles? Microsoft
97%
When was the first PlayStation console released? 1994
76%
Who is the creator of Tetris? Alexey Pajitnov
76%
What is the best selling video game of all time? Minecraft
67%
What is the first commercially successful video game? Pong
64%
Who is the creator of The Legend of Zelda series? Shigeru Miyamoto
39%
In which year was Super Mario Bros released to the (NES) 1985
33%
What was the first home video console? Magnavox Odyssey
18%
What was the first commercially successful arcade video game? Donkey Kong
9%
No matching quizzes found
Score Distribution
Percent of People with Each Score
Percentile by Number Answered
Your Score History
You have not taken this quiz